| 000 | 00381nam a2200157Ia 4500 | ||
|---|---|---|---|
| 008 | 230312s9999||||xx |||||||||||||| ||und|| | ||
| 020 | _a81-85185-20-4 | ||
| 082 |
_a621.38103 _bDIC |
||
| 100 | _aAnand Pankaj | ||
| 245 | 0 | _aAcademic's Dictionary of Electronics | |
| 260 |
_bAcademic India _aindia _c2005 |
||
| 300 | _a468 | ||
| 546 | _aEng. | ||
| 650 | _aEngineering | ||
| 942 | _cBK | ||
| 999 |
_c1678 _d1678 |
||